000 00981nam a22002297a 4500
005 20151130031816.0
008 151130b2014 ck ||||gr|||| 00| 0 spa d
040 _aCO-BoIAVH
_cCO-BoIAVH
041 0 _aspa
044 _ack
090 _aEA-
_b323
245 1 0 _aExplorando la naturaleza:
_bhumedales de alta montaña tropical /
_cEditores Zully V. Ojeda Bautista y Yimy Herrera Martínez
260 3 _aBogotá? (Colombia) :
_bEcopetrol :
_bUPTC :
_bNeotropical,
_c2014.
300 _a19 páginas :
_bilustraciones, fotografías a color ;
_c24 x 17 cm.
650 6 _aHumedales
_xEducación ambiental
_zColombia
650 6 _aHumedales
_xConservación
_xEducación Ambiental
_zColombia
650 6 _aHumedales
_xAnimales
_xEducación Ambiental
_zColombia
650 6 _aHumedales
_xVegetación
_xEducación Ambiental
_zColombia
700 1 _aHerrera Martínez, Yimy
_eEditor
700 1 _aOjeda Bautista, Zully V.
_eEditora
942 _2z
_cFolleto
999 _c17896
_d17896